| 000 | 00915nam a22002057a 4500 | ||
|---|---|---|---|
| 003 | BD-DhUL | ||
| 005 | 20170514142135.0 | ||
| 008 | 170514s1991 bg a|||| |||| 00| 0 ben d | ||
| 040 |
_aBD-DhUL _cBD-DhUL |
||
| 082 |
_a363.3493 _bBAN |
||
| 100 | 1 | _aআশরাফ, খোন্দকার আলী । | |
| 245 | 0 | 0 |
_aবানের সঙ্গে বাস / _cখোন্দকার আলী আশরাফ, হারুন হাবীব ও মঈনুদ্দীন নাসের । |
| 260 |
_aঢাকা : _bসেন্টার ফর সাসটেইনেবল ডেভলপমেন্ট, _c১৯৯১ । |
||
| 300 |
_a৬২ পৃ. : _c২১ সেমি । _bচিত্র ; |
||
| 650 | 0 | _aবন্যা । | |
| 650 | 0 | _aFloods. | |
| 700 | 1 | _aহাবীব, হারুন । | |
| 700 | 1 | _aনাসের, মঈনুদ্দীন । | |
| 942 |
_2ddc _cBK |
||
| 999 |
_c195694 _d195694 |
||